| 000 | 00915nam a22002057a 4500 | ||
|---|---|---|---|
| 999 |
_c370983 _d370983 |
||
| 008 | 201130b ||||| |||| 00| 0 eng d | ||
| 040 |
_bger _cSTAFF _erda _aSTAFF |
||
| 100 | _aSchröder, Dietrich | ||
| 245 |
_aStändige Grenzkontrollen an Oder und Neiße? _bFlüchtlinge: Der Chef der Bundespolizei-Gewerkschaft fordert energische Maßnahmen gegen illegale Einwanderung. Der Oberbürgermeister von Frankfurt hat dafür ein gewisses Verständnis und spricht sich für stärkere Präsenz der Beamten aus./ _cDietrich Schröder |
||
| 653 | _aFrankfurt (Oder) | ||
| 653 | _aOder | ||
| 653 | _aNeiße (Fluss) | ||
| 653 | _aGrenzkontrolle | ||
| 653 | _aFlüchtling | ||
| 773 |
_dFrankfurt (Oder): Märkisches Verlags- und Druckhaus GmbH & Co KG _g32. Jahrgang (2021) Nr. 244 vom 19.10.2021, S. 10 _tMärkische Oderzeitung |
||
| 942 | _cA | ||